Nebenwertungsrücklagen nur befristet anerkennen.

Štruktúra základného a dodatočného kapitálu v bankách podľa smerníc ES a miesto prostriedkov na spätné vklady na nové zhodnotenie (nerealizované rezervy v základnom majetku a stav vlastných cenných papierov banky). Pozícia nemeckých bánk a nemeckých úradov. Vybavenosť nemeckých bánk vlastným kapitál...

Descripción completa

Guardado en:
Detalles Bibliográficos
Autor principal: Kaven, J.P
Formato: Capítulo de libro
Lenguaje:alemán
Materias:
Etiquetas: Agregar Etiqueta
Sin Etiquetas, Sea el primero en etiquetar este registro!

MARC

LEADER 00000naa a2200000 4500
001 r007665
005 20221208123450.9
041 0 |a ger 
044 |a DE 
245 1 0 |a Nebenwertungsrücklagen nur befristet anerkennen.  |c J.P. Kaven 
520 |a Štruktúra základného a dodatočného kapitálu v bankách podľa smerníc ES a miesto prostriedkov na spätné vklady na nové zhodnotenie (nerealizované rezervy v základnom majetku a stav vlastných cenných papierov banky). Pozícia nemeckých bánk a nemeckých úradov. Vybavenosť nemeckých bánk vlastným kapitálom a orientácia na jej zvyšovanie. Vlastný kapitál banky a zahraničná konkurencia. 
610 2 0 |a banky 
610 2 0 |a Nemecko 
610 2 0 |a kapitál 
610 2 0 |a vklady 
610 2 0 |a papiere cenné 
610 2 0 |a konkurencia medzinárodná 
610 2 0 |a kapitál bankový 
100 1 |a Kaven, J.P.